Suomen historia -visa - Statistics

Yleistilastot
  • Tätä visaa on pelattu 221 kertaa
  • Keskiarvotulos 16 / 20
Vastaustilastot
Vihje Vastaus % Oikein
Suomen pääkaupunki ennen vuotta 1812 Turku
99%
Suomen rahayksikkö vuosina 1860-2002 Suomen markka
97%
Suomi oli osana tätä valtiota vuosina 1809-1917 Venäjä
97%
Urheilulaji, jossa Suomi voitti MM-kultaa ensimmäisen kerran vuonna 1995 Jääkiekko
95%
Valtio, joka hyökkäsi Suomeen vuonna 1939 Neuvostoliitto
95%
Sisällissodan osapuolet Punaiset
93%
sisällissodan osapuolet Valkoiset
93%
Suurimmaksi Suomalaiseksi äänestetty sotamarsalkka C. G. E. Mannerheim
92%
Helsingissä vuonna 1952 järjestetty tapahtuma Kesäolympialaiset
91%
Finlandian säveltäjä Jean Sibelius
89%
Ensimmäinen presidentti K. J. Ståhlberg
84%
Vuonna 1856 demilitarisoitu Suomen maakunta Ahvenanmaa
81%
Kaupunki, jossa käytiin Suomen sisällissodanratkaisutaistelu Tampere
79%
Helsingin rannikolla sijaitseva maailmanperintökohde Suomenlinna
74%
Vuosina 1929-1932 toiminut oikeistoradikaali liike {Lapuan}liike
72%
Suuri talonpoikaiskapina Suomessa vuosina 1596-1597 {Nuija}sota
69%
Talvisodan päättänyt rauhansopimus {Moskovan} rauha
57%
Kemian nobelpalkinnon saanutSuomalainen kemisti A. I. Virtanen
40%
Pesäpallon kehittäjä Lauri Pihkala
36%
Suomen kuningas, joka ei koskaansaapunut Suomeen Friedrich Karl
24%
Ehtoja vastaavia visoja ei löytynyt
Tulosjakauma
Jokaisen tuloksen saaneiden osuus
Persentiili vastausten määrän mukaan
Tuloshistoriasi
Et ole pelannut tätä visaa